[Event "GER-chT U12"]
[Site "Magdeburg"]
[Date "2023.12.28"]
[Round "4.7"]
[White "Mehner, Clara"]
[Black "Dodul, Arthur"]
[Result "1/2-1/2"]
[WhiteElo "1387"]
[BlackElo "1569"]
[PlyCount "66"]
[EventDate "2023.12.26"]
[EventType "team-swiss"]
[EventRounds "7"]
[EventCountry "GER"]
[SourceTitle "CB03_2024"]
[SourceDate "2024.01.17"]
[SourceVersion "1"]
[SourceVersionDate "2024.01.17"]
[SourceQuality "1"]
[WhiteTeam "Chemnitz USG"]
[BlackTeam "Barnim Schachfreunde"]
[WhiteTeamCountry "GER"]
[BlackTeamCountry "GER"]

1. e4 e5 2. Nf3 Nc6 3. d4 exd4 4. Bc4 Nf6 5. 0-0 Nxe4 6. Re1 d5 7. Bxd5 Qxd5 8. Nc3 Qa5 9. Nxe4 Be6 10. Neg5 0-0-0 11. Nxe6 fxe6 12. Rxe6 Bd6 13. Bg5 Rde8 14. Qe2 Kd7 15. Re1 Qxe1+ 16. Qxe1 Rxe6 17. Qd2 Rhe8 18. g3 Re2 19. Qd3 R2e4 20. Nd2 Re1+ 21. Kg2 g6 22. Nf3 R1e4 23. Qb5 Kc8 24. Bf6 R8e6 25. Bg7 Re7 26. Bf6 Re8 27. Nxd4 Nxd4 28. Bxd4 c6 29. Qd3 a6 30. Be3 R4e6 31. Qc4 Re4 32. Qf7 R4e7 33. Qc4 Re4 1/2-1/2

[Event "GER-chT U12"]
[Site "Magdeburg"]
[Date "2023.12.27"]
[Round "2.10"]
[White "Shevchenko, Igor1"]
[Black "Dodul, Arthur"]
[Result "0-1"]
[WhiteElo "1552"]
[BlackElo "1569"]
[PlyCount "88"]
[EventDate "2023.12.26"]
[EventType "team-swiss"]
[EventRounds "7"]
[EventCountry "GER"]
[SourceTitle "CB03_2024"]
[SourceDate "2024.01.17"]
[SourceVersion "1"]
[SourceVersionDate "2024.01.17"]
[SourceQuality "1"]
[WhiteTeam "Magdeburg Schachzwerge"]
[BlackTeam "Barnim Schachfreunde"]
[WhiteTeamCountry "GER"]
[BlackTeamCountry "GER"]

1. d4 d5 2. Nf3 Nf6 3. c4 c6 4. cxd5 cxd5 5. Nc3 Nc6 6. a3 h6 7. Bf4 Nh5 8. Bg3 Nxg3 9. hxg3 Bf5 10. e3 e6 11. Bd3 Bxd3 12. Qxd3 Bd6 13. Rc1 a6 14. 0-0 0-0 15. Rfd1 Qe7 16. Nd2 Rfd8 17. f4 Rac8 18. Nf3 Bb8 19. Ne5 Nxe5 20. dxe5 Ba7 21. Ne2 f6 22. exf6 Qxf6 23. Nd4 Rxc1 24. Rxc1 e5 25. fxe5 Qxe5 26. Rf1 Qxg3 27. Rf3 Qe5 28. Rf5 Qe4 29. Qxe4 dxe4 30. Nc2 Rd2 31. Rf2 Rd3 32. Re2 Rb3 33. Nd4 Rxe3 34. Rxe3 Bxd4 35. Kf2 Bxe3+ 36. Kxe3 Kf7 37. Kxe4 Ke6 38. b3 b5 39. b4 g6 40. Kf4 Kd5 41. g3 Kd4 42. g4 h5 43. g5 Kd5 44. Ke3 Ke5 0-1

[Event "GER-ch U12"]
[Site "Willingen"]
[Date "2023.06.03"]
[Round "9"]
[White "Radeke, Timothy"]
[Black "Dodul, Arthur"]
[Result "1-0"]
[WhiteElo "1485"]
[BlackElo "1613"]
[PlyCount "97"]
[EventDate "2023.05.27"]
[EventType "swiss"]
[EventRounds "9"]
[EventCountry "GER"]
[SourceTitle "CBM 214 Extra"]
[Source "ChessBase"]
[SourceDate "2023.07.31"]
[SourceVersion "1"]
[SourceVersionDate "2023.07.31"]
[SourceQuality "1"]

1. e4 c5 2. Nc3 Nc6 3. f4 g6 4. Nf3 Bg7 5. Bc4 e6 6. 0-0 Nge7 7. Ng5 h6 8. Nf3 0-0 9. d3 Na5 10. Bb3 Nxb3 11. axb3 b6 12. Qe1 d5 13. e5 Bb7 14. d4 Nf5 15. Qf2 cxd4 16. Nxd4 Nxd4 17. Qxd4 a6 18. Na4 b5 19. Nc5 Qc7 20. b4 Rfc8 21. Be3 Qc6 22. c3 Rd8 23. Ra5 Rdb8 24. Rfa1 Kh7 25. Bf2 Kg8 26. Bh4 Kh7 27. Rf1 Re8 28. Rf3 Rh8 29. Bf2 Rhe8 30. Qd2 Rad8 31. Bd4 Rc8 32. Rf1 Ra8 33. Rfa1 Rf8 34. Qe1 Rfe8 35. R1a3 f6 36. exf6 e5 37. fxe5 Bxf6 38. Qf2 Bg7 39. Qf7 Rab8 40. e6 Rg8 41. Nd7 Rbe8 42. Bxg7 Rxg7 43. Nf6+ Kh8 44. Qxe8+ Qxe8 45. Nxe8 Re7 46. Nd6 Kg7 47. Nxb7 Rxb7 48. Rxa6 Kf6 49. Ra1 1-0

[Event "GER-ch U12"]
[Site "Willingen"]
[Date "2023.05.31"]
[Round "6"]
[White "Dodul, Arthur"]
[Black "Vranckx, Oscar"]
[Result "0-1"]
[WhiteElo "1613"]
[BlackElo "1733"]
[PlyCount "112"]
[EventDate "2023.05.27"]
[EventType "swiss"]
[EventRounds "9"]
[EventCountry "GER"]
[SourceTitle "CBM 214 Extra"]
[Source "ChessBase"]
[SourceDate "2023.07.31"]
[SourceVersion "1"]
[SourceVersionDate "2023.07.31"]
[SourceQuality "1"]

1. d4 d5 2. Bf4 c5 3. c3 Nc6 4. e3 Nf6 5. Nf3 Bg4 6. h3 Bh5 7. Bd3 e6 8. Be2 Bd6 9. Bh2 Bxf3 10. Bxf3 Bxh2 11. Rxh2 0-0 12. Kf1 e5 13. dxc5 e4 14. Be2 a5 15. Nd2 Qe7 16. g3 Qxc5 17. Kg2 a4 18. a3 Ne5 19. Rh1 Nfd7 20. Re1 b5 21. Nf1 Nc6 22. Rc1 Nde5 23. Qc2 Nc4 24. Bxc4 bxc4 25. Red1 Ne5 26. Rd4 Nd3 27. Rb1 Rfb8 28. Kg1 g6 29. g4 Rb6 30. g5 h6 31. h4 hxg5 32. hxg5 Qd6 33. Ng3 Qe5 34. Qe2 Qxg5 35. Rxd3 exd3 36. Qd2 Kg7 37. Qd1 Rb3 38. Qf3 Rab8 39. e4 Rxb2 40. Rd1 Rd2 41. Rxd2 Qxd2 42. Qg4 Rb2 43. Nf5+ Kf8 44. Qh4 Qe1+ 45. Kg2 Qxe4+ 46. Qxe4 dxe4 47. Ne3 Rb3 48. Nxc4 Rxc3 49. Ne3 Rxa3 50. f3 d2 51. Nd1 Rxf3 52. Kg1 Kg7 53. Nb2 a3 54. Nd1 a2 55. Kg2 a1Q 56. Kh2 Qxd1 0-1

[Event "GER-ch U12"]
[Site "Willingen"]
[Date "2023.05.31"]
[Round "5"]
[White "Lanert, Theodor"]
[Black "Dodul, Arthur"]
[Result "0-1"]
[WhiteElo "1398"]
[BlackElo "1613"]
[PlyCount "44"]
[EventDate "2023.05.27"]
[EventType "swiss"]
[EventRounds "9"]
[EventCountry "GER"]
[SourceTitle "CBM 214 Extra"]
[Source "ChessBase"]
[SourceDate "2023.07.31"]
[SourceVersion "1"]
[SourceVersionDate "2023.07.31"]
[SourceQuality "1"]

1. e4 e5 2. Nf3 Nc6 3. Bc4 Bc5 4. 0-0 Nf6 5. d4 Bxd4 6. Nxd4 Nxd4 7. Bg5 d6 8. f4 Qe7 9. Bxf6 gxf6 10. fxe5 dxe5 11. Nc3 c6 12. Ne2 Bg4 13. c3 Ne6 14. Qd2 Qc5+ 15. Nd4 exd4 16. Bxe6 dxc3+ 17. Qf2 Qxf2+ 18. Rxf2 fxe6 19. bxc3 Rf8 20. Rb1 0-0-0 21. Rfb2 b6 22. a4 Rd1+ 0-1

[Event "GER-ch U12"]
[Site "Willingen"]
[Date "2022.06.08"]
[Round "6"]
[White "Wylie, Leonard"]
[Black "Dodul, Arthur"]
[Result "0-1"]
[WhiteElo "1733"]
[BlackElo "1443"]
[PlyCount "118"]
[EventDate "2022.06.04"]
[EventType "swiss"]
[EventRounds "9"]
[EventCountry "GER"]
[SourceTitle "CBM 208 Extra"]
[Source "ChessBase"]
[SourceDate "2022.07.31"]
[SourceVersion "1"]
[SourceVersionDate "2022.07.31"]
[SourceQuality "1"]

1. e4 e5 2. d4 exd4 3. Bc4 Nf6 4. Nf3 Bc5 5. 0-0 d6 6. e5 dxe5 7. Nxe5 0-0 8. c3 Be6 9. Bxe6 fxe6 10. Qb3 Qd5 11. Qxd5 Nxd5 12. cxd4 Bxd4 13. Nf3 Bf6 14. Re1 Re8 15. Ng5 Bxg5 16. Bxg5 Nc6 17. Nc3 Nxc3 18. bxc3 h6 19. Bf4 e5 20. Be3 Rad8 21. Rab1 b6 22. c4 Nd4 23. a4 Nc2 24. Rf1 Nxe3 25. fxe3 Rd3 26. a5 Rxe3 27. axb6 axb6 28. c5 bxc5 29. Rbc1 Rd8 30. Kf2 Ra3 31. Rxc5 Rd2+ 32. Ke1 Rxg2 33. Kd1 Rxh2 34. Rxc7 Ra1+ 35. Rc1 Rxc1+ 36. Kxc1 g5 37. Re1 g4 38. Re4 h5 39. Rxe5 Kf7 40. Kd1 Kf6 41. Rd5 h4 42. Ke1 g3 43. Kf1 h3 44. Kg1 Ra2 45. Rd1 Kf5 46. Kh1 Kf4 47. Rb1 Re2 48. Ra1 Kf3 49. Rb1 Ke3 50. Rc1 Kd2 51. Ra1 Re1+ 52. Rxe1 Kxe1 53. Kg1 Ke2 54. Kh1 Kf3 55. Kg1 g2 56. Kh2 Kf2 57. Kxh3 g1Q 58. Kh4 Qg6 59. Kh3 Qh5# 0-1

[Event "GER-ch U10"]
[Site "Willingen"]
[Date "2021.08.24"]
[Round "4"]
[White "Dodul, Arthur"]
[Black "Grebita, Magnus"]
[Result "1/2-1/2"]
[WhiteElo "1285"]
[BlackElo "977"]
[PlyCount "44"]
[EventDate "2021.08.22"]
[EventType "swiss"]
[EventRounds "11"]
[EventCountry "GER"]
[SourceTitle "EXT 2022"]
[Source "ChessBase"]
[SourceDate "2021.10.06"]
[SourceVersion "1"]
[SourceVersionDate "2021.10.06"]
[SourceQuality "1"]

1. f4 d5 2. Nf3 Nf6 3. e3 e6 4. b3 Bd6 5. Bb2 Nbd7 6. Be2 b6 7. 0-0 Bb7 8. Qe1 0-0 9. c4 c5 10. Qg3 h6 11. cxd5 exd5 12. Bb5 Be7 13. Nh4 Nh5 14. Qg4 Bxh4 15. Qxh5 Bf6 16. Bxf6 Nxf6 17. Qe2 Qc7 18. d4 a6 19. Bd3 Rfe8 20. Qf3 c4 21. Bc2 cxb3 22. Bxb3 Ne4 1/2-1/2

[Event "GER-ch U10"]
[Site "Willingen"]
[Date "2021.08.23"]
[Round "2"]
[White "Dodul, Arthur"]
[Black "Prashanthakumar, Arju"]
[Result "0-1"]
[WhiteElo "1285"]
[BlackElo "953"]
[PlyCount "88"]
[EventDate "2021.08.22"]
[EventType "swiss"]
[EventRounds "11"]
[EventCountry "GER"]
[SourceTitle "EXT 2022"]
[Source "ChessBase"]
[SourceDate "2021.10.06"]
[SourceVersion "1"]
[SourceVersionDate "2021.10.06"]
[SourceQuality "1"]

1. e4 e5 2. Nf3 Nc6 3. Bc4 Bc5 4. c3 Nf6 5. d3 h6 6. b4 Bb6 7. 0-0 d6 8. Qe2 0-0 9. Be3 Be6 10. Bxe6 fxe6 11. Bxb6 axb6 12. Nbd2 Qe7 13. Rfc1 Qf7 14. Nf1 Ne7 15. Ng3 Ng6 16. h3 Nf4 17. Qd2 N6h5 18. Nh2 Rae8 19. Ng4 Nf6 20. Nxf6+ Qxf6 21. a4 Qg6 22. a5 bxa5 23. Rxa5 h5 24. h4 Qg4 25. Ra7 Qxh4 26. Nf1 Qg5 27. f3 Rf6 28. Rc2 h4 29. Rxb7 h3 30. g4 Rh6 31. Nh2 Qh4 32. Qf2 Qg5 33. Rd2 Ra8 34. Rd1 Nxd3 35. Qe2 Qh4 36. Rxd3 Qg3+ 37. Kh1 Ra1+ 38. Nf1 h2 39. Rb8+ Kh7 40. Rh8+ Kxh8 41. Qg2 Qxg2+ 42. Kxg2 h1Q+ 43. Kf2 Qxf1+ 44. Kg3 Qg1# 0-1

[Event "GER-ch U10"]
[Site "Willingen"]
[Date "2021.08.23"]
[Round "1"]
[White "Gloeckler, Christian"]
[Black "Dodul, Arthur"]
[Result "1-0"]
[WhiteElo "1581"]
[BlackElo "1285"]
[PlyCount "75"]
[EventDate "2021.08.22"]
[EventType "swiss"]
[EventRounds "11"]
[EventCountry "GER"]
[SourceTitle "EXT 2022"]
[Source "ChessBase"]
[SourceDate "2021.10.06"]
[SourceVersion "1"]
[SourceVersionDate "2021.10.06"]
[SourceQuality "1"]

1. e4 e5 2. Nf3 Nc6 3. Bc4 Bc5 4. c3 Nf6 5. d4 exd4 6. e5 d5 7. Bb5 Ne4 8. cxd4 Bb4+ 9. Bd2 Bxd2+ 10. Nfxd2 Nxd2 11. Qxd2 0-0 12. 0-0 f6 13. f4 fxe5 14. fxe5 Rxf1+ 15. Bxf1 Bf5 16. Nc3 Ne7 17. g3 c6 18. Bg2 Ng6 19. Rf1 Be6 20. b4 Qb6 21. Na4 Qb5 22. Nc5 Re8 23. Nxe6 Rxe6 24. Bh3 Re7 25. Qf2 Qxb4 26. Be6+ Rxe6 27. Qf7+ Kh8 28. Qxe6 Nf8 29. Qe8 Qxd4+ 30. Kg2 Qd2+ 31. Rf2 Qxf2+ 32. Kxf2 h6 33. Qxf8+ Kh7 34. e6 Kg6 35. e7 h5 36. e8Q+ Kh6 37. Qf5 g5 38. Qeg6# 1-0

[Event "GER-chT U10"]
[Site "Magdeburg"]
[Date "2021.08.06"]
[Round "2.2"]
[White "Dodul, Arthur"]
[Black "Kovalskyy, Alicia"]
[Result "1-0"]
[WhiteElo "1148"]
[BlackElo "794"]
[PlyCount "113"]
[EventDate "2021.08.06"]
[EventType "team-swiss"]
[EventRounds "7"]
[EventCountry "GER"]
[SourceTitle "EXT 2022"]
[Source "ChessBase"]
[SourceDate "2021.10.06"]
[SourceVersion "1"]
[SourceVersionDate "2021.10.06"]
[SourceQuality "1"]
[WhiteTeam "Nauen Hellas"]
[BlackTeam "Duesseldorf SV"]
[WhiteTeamCountry "GER"]
[BlackTeamCountry "GER"]

1. f4 d5 2. e3 e6 3. Nf3 Nf6 4. b3 Nc6 5. Bb5 Bd7 6. Bb2 a6 7. Bxc6 Bxc6 8. 0-0 Be7 9. d3 0-0 10. Nbd2 Qd7 11. Qe1 Rad8 12. Qg3 Rfe8 13. e4 g6 14. Rae1 Nh5 15. Qf2 Bf6 16. Ne5 Qe7 17. Ndf3 Bg7 18. Nxc6 bxc6 19. Bxg7 Kxg7 20. Ne5 Qd6 21. Rd1 dxe4 22. dxe4 Qxd1 23. Kh1 Rd2 24. Qg1 Qe2 25. Nf3 Rxc2 26. Nd4 Qxe4 27. Nxc2 Qxc2 28. Qd4+ Kg8 29. Qd7 Nf6 30. Qxc7 Ne4 31. Qb6 c5 32. Qc6 Rd8 33. Qxa6 Rd4 34. Qb5 Rd8 35. a4 Kg7 36. Re1 Nc3 37. Qf1 Qxb3 38. h3 Nd1 39. Kh2 Ne3 40. Qe2 Nf5 41. Qe5+ Kg8 42. a5 Rd1 43. Rxd1 Qxd1 44. Qb8+ Kg7 45. Qe5+ Kh6 46. Qxc5 Qd8 47. a6 Qb8 48. Qc4 Qa8 49. Qc5 Nh4 50. Qf2 Nf5 51. a7 Nd6 52. Qb6 Nb7 53. Qc7 Qxa7 54. Qxf7 Qb8 55. g4 Nd6 56. g5+ Kh5 57. Qxh7# 1-0